000 01179nac a22003017a 4500
001 BR8101682
003 BR-BrBNA
005 20240105114941.0
008 230509b bl.|||m| |||| 00| 0 por d
040 _aBR-BrBNA
_bpor
_cBiblioteca Nacional de Agricultura
072 _aL72
090 _a5217 BR8101682
100 1 _aLau, H.D.
110 1 _aCentro de Pesquisa Agropecuaria do Tropico Umido, Belem, PA (Brasil)
245 1 _aEfeito de diferentes tratamentos anti-helminticos sobre o OPG e ganho de peso de bezerros bubalinos lactentes [Ovos por grama de fezes; Brasil]
246 1 _a[Effect of different anti-helminthic treatments on the OPG and weight gains of buffalo sucking calves [Eggs por faeces gramme; Brazil]]
260 3 _aBelem, PA (Brasil):
_c1980.
300 _a18 p.
490 _aBoletim de Pesquisa - Centro de Pesquisa Agropecuaria do Tropico Umido (Brazil)
_vno. 16
_xISSN 0100-8102
500 _a6 illus.; Summaries (En, Pt); 11 ref.
650 _aPraga de animal
650 _aBufalo
650 _aVerminose
650 _aVermifugo
650 _aGanho de peso
909 _a202312
_bLúcia Elande
_c55
_dLúcia Elande
942 _2AGRIS
_n0
_cMS
999 _c272212
_d272212